Собрание сочинений. Т. 3: Назидательные новеллы (Запись № 1656150)
[ простой вид ]
| 000 -МАРКЕР | |
|---|---|
| контрольное поле | 01565nam2a2200277 4500 |
| 001 - ИДЕНТИФИКАТОР ЗАПИСИ | |
| контрольное поле | RU\NLR\bibl\1194279 |
| 005 - ИДЕНТИФИКАТОР ВЕРСИИ | |
| контрольное поле | 20260412063535.0 |
| 010 ## - МЕЖДУНАРОДНЫЙ СТАНДАРТНЫЙ НОМЕР КНИГИ (ISBN) | |
| Номер (ISBN) | 978-5-275-01532-4 |
| Уточнения | т. 3 |
| 021 ## - НОМЕР ГОСУДАРСТВЕННОЙ РЕГИСТРАЦИИ | |
| Код страны | Российская Федерация |
| Номер | 2008-569 |
| Номер Листа государственной регистраци | 30 |
| 035 ## - ДРУГИЕ СИСТЕМНЫЕ НОМЕРА | |
| Идентификатор записи | (NLR Aleph) 001180809 |
| 100 ## - ДАННЫЕ ОБЩЕЙ ОБРАБОТКИ | |
| Данные общей обработки | 20080228d2007 |||y0rusy50 ca |
| 101 0# - ЯЗЫК РЕСУРСА | |
| Язык текста, звукозаписи и т.д. | русский |
| 102 ## - СТРАНА ПУБЛИКАЦИИ ИЛИ ПРОИЗВОДСТВА | |
| Страна публикации | Российская Федерация |
| 105 ## - ПОЛЕ КОДИРОВАННЫХ ДАННЫХ: ТЕКСТОВЫЕ МАТЕРИАЛЫ, МОНОГРАФИЧЕСКИЕ | |
| Кодированные данные о монографическом текстовом документе | a ||||||||| |
| 200 1# - ЗАГЛАВИЕ И СВЕДЕНИЯ ОБ ОТВЕТСТВЕННОСТИ | |
| Основное заглавие | Назидательные новеллы |
| Первые сведения об ответственности | [пер. с исп. Б. Кржевского |
| Последующие сведения об ответственности | стихи в пер. М. Лозинского |
| -- | коммент. Б. Кржевского] |
| 215 ## - ФИЗИЧЕСКАЯ ХАРАКТЕРИСТИКА | |
| Специфическое обозначение материала и объем | 569, [2] с. |
| Другие сведения о физической характеристике | ил. |
| 327 1# - ПРИМЕЧАНИЯ О СОДЕРЖАНИИ | |
| Текст примечания | Содерж.: Цыганочка; Великодушный поклонник; Ринконете и Кортадильо; Английская испанка; Лиценциат Видриера; Сила крови; Ревнивый эстремадурец; Высокородная судомойка; Две девицы; Сеньора Корнелия |
| 461 #0 - УРОВЕНЬ НАБОРА | |
| Встроенное поле | 001RU\NLR\bibl\1227635 |
| -- | 2001#$aСобрание сочинений$vТ. 3 |
| Системный номер (АБИС) связанной записи | 95751 |
| Автор | Сервантес Сааведра, М. де (1547-1616) |
| Место публикации | Москва |
| Дата публикации | 2007 |
| Первые сведения об ответственности | Мигель де Сервантес |
| Имя издателя, распространителя и т.д. | Терра |
| Сведения, относящиеся к заглавию | в 5 т. |
| Заглавие | Собрание сочинений |
| ISBN | 878-5-275-01535-5 |
| Номер тома | Т. 3 |
| 702 #1 - ИМЯ ЛИЦА - ВТОРИЧНАЯ ОТВЕТСТВЕННОСТЬ | |
| Код отношения | Переводчик |
| Графика поля | Кириллица |
| Материалы, к которым относится поле | rus |
| Начальный элемент ввода | Лозинский |
| Часть имени, кроме начального элемента ввода | М. Л. |
| Даты | 1886-1955 |
| Расширение инициалов личного имени | Михаил Леонидович |
| Идентификатор авторитетной/нормативной записи | RU\NLR\AUTH\7766138 |
| Системный номер авторитетной/нормативной записи | 49067 |
| 801 #0 - ИСТОЧНИК ЗАПИСИ | |
| Страна | Российская Федерация |
| Организация | NLR |
| Дата составления | 20080228 |
| Правила каталогизации | RCR |
| 801 #1 - ИСТОЧНИК ЗАПИСИ | |
| Страна | Российская Федерация |
| Организация | NLR |
| Дата составления | 20080228 |
| 942 ## - ДОПОЛНИТЕЛЬНЫЕ ЭЛЕМЕНТЫ ЗАПИСИ (АБИС) | |
| Тип экземпляра АБИС | Книга |
| 980 ## - КОЛЛЕКЦИЯ | |
| Название коллекции | Национальная библиография |
| Тип экземпляра | Дата поступления | Источник поступления | Библиотека постоянного хранения | Библиотека текущего хранения | Место хранения | Шифр хранения | Штрих-код | Статус экземпляра |
|---|---|---|---|---|---|---|---|---|
| Книга | 28.02.2008 | Обязательный экземпляр | РНБ (Московский) | РНБ (Московский) | Русский книжный фонд: издания с 1957 года | 2008-3/5793 | 2617355 | |
| Книга | 28.02.2008 | Обязательный экземпляр | РНБ (Московский) | РНБ (Московский) | Русский книжный фонд: издания с 1957 года | 2008-3/5793 | 2617357 |